Die Stumme von Portici Potpourri : Flöte /

Hlavní autor: Auber, Daniel François Esprit, 1782-1871
Další autoři: Hofmann, Richard, 1844-1918
Jazyk: Nelze použít, není lingvistický obsah
Vydáno: Mainz : B. Schott's Söhne, [19--?]
Edice: Edition Schott Einzel-Ausgabe
Fyzický popis: 1 hlas (9 s.)
Hudebniny Hudebniny
Uloženo v:
LEADER 00986ncm a22002652a 4500
001 001407206
003 CZ BrMZK
005 20140728084450.0
007 qu
008 140728q19uu gw ||||| |||||||||||zxx d
040 |a BOA001  |b cze 
072 7 |a 788  |x Hudba pro dechové nástroje  |2 Konspekt  |9 9 
100 1 |a Auber, Daniel François Esprit,  |d 1782-1871  |7 jn20001227475  |4 cmp 
245 1 4 |a Die Stumme von Portici  |h [hudebnina] :  |b Potpourri : Flöte /  |c D.F.E. Auber ; arrangiert von R. Hofmann 
260 |a Mainz :  |b B. Schott's Söhne,  |c [19--?] 
300 |a 1 hlas (9 s.) 
490 1 |a Edition Schott Einzel-Ausgabe ;  |v 03116 
500 |a Pod názvem: Hofmann Ensemble 
700 1 |a Hofmann, Richard,  |d 1844-1918  |7 mzk2011635051  |4 arr 
740 0 2 |a Hofmann Ensemble 
830 0 |a Edition Schott Einzel-Ausgabe 
910 |a BOA001  |b Mus4-0165.000,03116 
990 |a MU 
991 |b 201407 
996 6 |b 2619021832  |c Mus4-0165.000,03116  |l MZK  |r Sklad / do 1 hodiny  |n 0  |w 001442375  |u 000010  |a 1  |e BOA001  |j MZK50  |s P